1981 1483 1398 1882 1448 1570 1983 1998 1752 1562 1359 1038 1301 1924 1824 1103 1067 1960 1226 1211 1492 1107 1718 1385 1461 1403 1683 1596 1648 1014 1556 1275 1706 1089 1076 1606 1082 1043 1819 1271 1375 1100 1115 1040 1214 1234 1174 1394 1745 1812 1786 1390 1131 1669 1863 1230 1614 1295 1025 1492 1392 1010 1235 1446 1890 1801 1676 1543 1624 1757 1152 1724 1317 1495 1355 1582 1713 1313 1999 1928 1016 1562 1920 1500 1317 1030 1244 1235 1773 1904 1717 1875 1078 1377 1946 1964 1033 1655 1630 BCNSPRNW ULIB Ver.6.0+V

เปลี่ยนเป็นภาษาไทย

Change to English
 แสดงรายละเอียดบรรณานุกรม
  กลับหน้าหลัก

Brief Record : Get Marc (ISO 2709) : E-mail record : QR code < ปิดหน้าต่าง
LEADER : 00000nam 2200000uu 4500
001    13399120123
003     ULIB
008    120904s2553||||th 000 0 tha d
020    ^a9789742940737
060 04 ^aWY159^bก496 2553
245 00 ^aการพยาบาลเด็ก เล่ม 3 /^cพรทิพย์ ศิริบูรณ์พิพัฒนา,บรรณาธิการ
250    ^aพิมพ์ครั้งที่ 7
260    ^aนนทบุรี :^bโครงการสวัสดิการวิชาการ สถาบันพระบรมราชชนกกระทรวงสาธารณสุข,^c2553
300    ^a 274 หน้า :^bภาพประกอบ ;^c26 ซม.
650  7 ^aการพยาบาลกุมารเวชศาสตร์
700 0  ^aพรทิพย์ ศิริบูรณ์พิพัฒนา,^eบรรณาธิการ
710 2  ^aกระทรวงสาธารณสุข
710 2  ^aสถาบันพระบรมราชชนก. ^bโครงการสวัสดิการวิชาการ
945    ^p150^l0^i19416
945    ^p150^l0^i19417
945    ^p150^l0^i19418
945    ^p150^l0^i19419
945    ^p150^l0^i19519
995    ^aวิภา
999 ^a ใช้งานได้ทุกระบบ
รายการนี้ยังไม่มีแท็ก
คุณยังไม่ได้ล็อกอิน คุณสามารถมีกิจกรรมร่วมกับเว็บไซต์ได้ แต่ต้องล็อกอินก่อน ::
  ล็อกอิน

รายการสื่อสารสนเทศ

ลำดับที่ ประเภท เลขเรียก/บาร์โค้ด สถานที่ สถานะ
1. วิทยาศาสตร์การแพทย์ และสุขภาพ
วิทยาศาสตร์การแพทย์ และสุขภาพ
WY159 ก496 2553  
  Barcode: 19416
ห้องสมุดวิทยาเขตนครสวรรค์
►ส่วนจัดเก็บหนังสือเก่า นว.
บนชั้น
  ขอยืม
2. วิทยาศาสตร์การแพทย์ และสุขภาพ
วิทยาศาสตร์การแพทย์ และสุขภาพ
WY159 ก496 2553 ฉ.2 
  Barcode: 19417
ห้องสมุดวิทยาเขตนครสวรรค์
►ส่วนจัดเก็บหนังสือเก่า นว.
บนชั้น
  ขอยืม
3. วิทยาศาสตร์การแพทย์ และสุขภาพ
วิทยาศาสตร์การแพทย์ และสุขภาพ
WY159 ก496 2553 ฉ.3 
  Barcode: 19418
ห้องสมุดวิทยาเขตนครสวรรค์
►ส่วนจัดเก็บหนังสือเก่า นว.
บนชั้น
  ขอยืม
4. วิทยาศาสตร์การแพทย์ และสุขภาพ
วิทยาศาสตร์การแพทย์ และสุขภาพ
WY159 ก496 2553 ฉ.4 
  Barcode: 19419
ห้องสมุดวิทยาเขตนครสวรรค์
►ส่วนจัดเก็บหนังสือเก่า นว.
บนชั้น
  ขอยืม
5. วิทยาศาสตร์การแพทย์ และสุขภาพ
วิทยาศาสตร์การแพทย์ และสุขภาพ
WY159 ก496 2553 ฉ.5 
  Barcode: 19519
ห้องสมุดวิทยาเขตนครสวรรค์
►ส่วนจัดเก็บหนังสือเก่า นว.
บนชั้น
  ขอยืม

รายการใกล้เคียง
    หัวเรื่อง [การพยาบาลกุมารเวชศาสตร์]

BibComment


ยังไม่เคยถูกคอมเมนท์

คอมเมนท์ทรัพยากรรายการนี้
  คอมเมนท์: การพยาบาลเด็ก เล..


 Copyright 2026. Bcnsprnw @Library